The Capital Budgeting Decision / Economic Analysis of Investment Projects: Fifth Edition (Record no. 892)
[ view plain ]
| 000 -LEADER | |
|---|---|
| fixed length control field | 02183cam a22002294a 4500 |
| 005 - ΗΜΕΡΟΜΗΝΙΑ ΚΑΙ ΩΡΑ ΤΕΛΕΥΤΑΙΑΣ ΕΝΗΜΕΡΩΣΗΣ | |
| Πεδίο ελέγχου | 20250605163949.0 |
| 008 - FIXED-LENGTH DATA ELEMENTS--GENERAL INFORMATION | |
| Πεδίο ελέγχου σταθερού μήκους | 250528s ||||||||||||||||||||||||d |
| 035 ## - SYSTEM CONTROL NUMBER | |
| System control number | 15302 |
| 020 ## - ISBN | |
| ISBN | 002309480X |
| 040 ## - ΠΗΓΗ ΚΑΤΑΛΟΓΟΓΡΑΦΗΣΗΣ | |
| Φορέας πρωτότυπης καταλογογράφησης | MC Athens Campus Library |
| Γλώσσα καταλογογράφησης | Ελληνικά, Μοντέρνα (1453-) |
| Modifying agency | MC Athens Campus Library |
| Κανόνες περιγραφικής καταλογογράφησης | AACR2 |
| 245 1# - ΤΙΤΛΟΣ ΚΑΙ ΔΗΛΩΣΗ ΥΠΕΥΘΥΝΟΤΗΤΑΣ | |
| Τίτλος | The Capital Budgeting Decision / Economic Analysis of Investment Projects: Fifth Edition |
| 250 ## - EDITION STATEMENT | |
| Edition statement | 5th |
| 260 ## - PUBLICATION, DISTRIBUTION, ETC. | |
| Name of publisher, distributor, etc. | Macmillan Publishing Company, |
| Date of publication, distribution, etc. | 1980 |
| 300 ## - PHYSICAL DESCRIPTION | |
| Extent | 544 |
| 505 0# - FORMATTED CONTENTS NOTE | |
| Formatted contents note | Capital Budgeting, Illustrating the Measures of Investment Worth, Net Present Value Versus Internal Rate of Return, The Mening of Present Value, Annual Equivalent Costs, The Use of Cash Flows in Evaluating Investments, Corporate Income Taxes and Investment Decisions, Capital Budgeting Under Capital Rationing, An Overview of Capital Budgeting Under Uncertainty, Attitudes Towards Risk, The Rate of Discount, A Manual, Introduction to Portfolio Analysis, The Capital Asset Pricing Model, Using Investment Portfolios to Change Risk, Models for Portfolio Analysis, Capital Budgeting and Option Pricing, Buy or Lease, Capital Budgeting and Inflation, Investment Timing, Fluctuating Rates of Output, Foreign Investments, Investments Decisions with Additional Information, Appendix: Tables, Index. |
| 520 ## - SUMMARY, ETC. | |
| Summary, etc. | Capital Budgeting, Illustrating the Measures of Investment Worth, Net Present Value Versus Internal Rate of Return, The Mening of Present Value, Annual Equivalent Costs, The Use of Cash Flows in Evaluating Investments, Corporate Income Taxes and Investment Decisions, Capital Budgeting Under Capital Rationing, An Overview of Capital Budgeting Under Uncertainty, Attitudes Towards Risk, The Rate of Discount, A Manual, Introduction to Portfolio Analysis, The Capital Asset Pricing Model, Using Investment Portfolios to Change Risk, Models for Portfolio Analysis, Capital Budgeting and Option Pricing, Buy or Lease, Capital Budgeting and Inflation, Investment Timing, Fluctuating Rates of Output, Foreign Investments, Investments Decisions with Additional Information, Appendix: Tables, Index. |
| 700 1# - ΠΡΟΣΘΕΤΗ ΑΝΑΓΡΑΦΗ--ΦΥΣΙΚΟ ΠΡΟΣΩΠΟ | |
| Personal name | Bierman Harold Jr |
| 700 1# - ΠΡΟΣΘΕΤΗ ΑΝΑΓΡΑΦΗ--ΦΥΣΙΚΟ ΠΡΟΣΩΠΟ | |
| Personal name | Smodt Seymour |
| 9 (RLIN) | 1196 |
| 942 ## - ADDED ENTRY ELEMENTS (KOHA) | |
| Koha item type | Books |
| Τύπος τεκμηρίου | Βιβλιοθήκη | Τρέχουσα τοποθεσία | Barcode | Αριθμός εισαγωγής | Ημερομηνία απόκτησης | Ταξιθετικό σύμβολο | Αριθμός αντιτύπου | Κατάσταση απόσυρσης | Κατάσταση χαμένου | Κατάσταση κατεστραμμένου | Μη δανεισμός | Σύνολο δανεισμών | Ημερομηνία τελευταίας εμφάνισης | Η τιμή ισχύει από |
|---|---|---|---|---|---|---|---|---|---|---|---|---|---|---|
| Books | MC Athens Campus Library | MC Athens Campus Library | 9780000008916 | 1546 | 05/06/2025 | 658.1/527 BIE | 1 | 05/06/2025 | 05/06/2025 |